Który kraj większy? #2 - Statystyki

Ogólne statystyki
  • Ten quiz został rozwiązany 1 235 razy
  • Średni wynik to 14 z 25
Statystyki odpowiedzi
Zagadnienie Odpowiedź % Poprawnych
Luksemburg czy Liechtenstein Luksemburg
78%
Rumunia cz Białoruś Rumunia
78%
Albania czy Izrael Albania
72%
Demokratyczna Republika Konga czy Arabia Saudyjska Demokratyczna Republika Konga
72%
Rosja czy Antarktyda Rosja
72%
Unia Europejska + Australia czy Kanada Unia Europejska + Australia
72%
Holandia czy Dania Dania
67%
Afryka + Ameryka Północna czy Eurazja Eurazja
67%
Libia czy Indonezja Indonezja
67%
Zjednoczone Emiraty Arabskie czy Portugalia Portugalia
67%
Mołdawia czy Słowacja Słowacja
67%
Ameryka Północna czy Ameryka Południowa Ameryka Północna
61%
Chiny + Stany Zjedonczone czy Rosja Chiny + Stany Zjedonczone
61%
Morze Bałtyckie czy Polska Morze Bałtyckie
61%
Belgia czy Szwajcaria Szwajcaria
61%
Unia Europejska czy Indie Unia Europejska
61%
Irak czy Afganistan Afganistan
50%
Niger czy Nigeria Niger
50%
Korea Południowa czy Islandia Islandia
44%
Wielka Brytania czy Nowa Zelandia Nowa Zelandia
39%
Szwecja czy Niemcy Szwecja
39%
Ukraina czy Turcja Turcja
39%
Włochy czy Wietnam Wietnam
39%
Ocean Atlantycki + Ocean Indyjski czy Wszystkie lądy świata Wszystkie lądy świata
22%
Zimbabwe czy Polska Zimbabwe
17%
Nie znaleziono quizów pasujących do podanych kryteriów
Rozkład punktacji
Procent ludzi z każdym wynikiem
Percentyl według liczby udzielonych odpowiedzi
Twoja historia wyników
Nie rozwiązałeś tego quizu